Factors influencing the morphology and the properties of clay-rubber nanocomposites (Record no. 59256)

MARC details
000 -LEADER
fixed length control field 00436nam a2200157Ia 4500
100 ## - MAIN ENTRY--AUTHOR NAME
Personal name Bhowmick A K
245 #0 - TITLE STATEMENT
Title Factors influencing the morphology and the properties of clay-rubber nanocomposites
260 ## - PUBLICATION, DISTRIBUTION, ETC. (IMPRINT)
Name of publisher Kautschuk Gummi Kunststoffe
Year of publication 2006
300 ## - PHYSICAL DESCRIPTION
Number of Pages 437-446
650 ## - SUBJECT ADDED ENTRY--TOPICAL TERM
Topical Term Nanoclay
650 ## - SUBJECT ADDED ENTRY--TOPICAL TERM
Topical Term Nanocomposites
700 ## - ADDED ENTRY--PERSONAL NAME
Personal name Ganguly A
700 ## - ADDED ENTRY--PERSONAL NAME
Personal name Maiti M
942 ## - ADDED ENTRY ELEMENTS (KOHA)
Koha item type Journals
Holdings
Withdrawn status Lost status Damaged status Not for loan Home library Current library Shelving location Date acquired Serial Enumeration / chronology Koha item type
      Journals RRII Library RRII Library Rubber chemistry 18/09/2006 Volume 59, Issue 9 Journals